000 00315nam a2200133Ia 4500
008 191201s2010 xx 000 0 und d
100 _aRAJASEKARAN,S
245 0 _aNeural Networks and Fuzzy Logic
250 _a14 th printing
260 _c2010
_bPHI
_aN. Delhi
300 _a435
650 _aCSE
942 _2ddc
_cBB
999 _c7419
_d7419